| 000 | 00425nam a2200169Ia 4500 | ||
|---|---|---|---|
| 008 | 230917s9999||||xx |||||||||||||| ||und|| | ||
| 020 | _cRS700 | ||
| 040 |
_e213143 _aMAIN |
||
| 041 | _aEnglish | ||
| 082 | _aB E68M:A | ||
| 100 | _aMule, Gunakar | ||
| 245 | 0 | _aAlbert Einstein | |
| 260 |
_aNew Delhi _bRajkamal Prakashan _c2014 |
||
| 300 | _a534 p. | ||
| 500 | _a4381 06/12/2013 13547 23/12/2013 Main Budget | ||
| 942 | _cBK | ||
| 999 |
_c34513 _d34513 |
||